000 03336nam0a2200457 4500
001 RU\NLR\BIBL_A\022475693
005 20260408134710.0
010 _a978-5-288-06413-5
_9500
035 _a(NLR Aleph) 022475693
090 _a13372061
_c13372061
100 _a20250228d2024 |||y0rusy50 ca
101 0 _arus
_amul
_deng
102 _aRU
105 _aa z 110zy
181 0 _ai3
_baxxe
182 0 _an
200 1 _aXXXII Международный конгресс по источниковедению и историографии стран Азии и Африки "Россия и Восток. К 300-летию СПбГУ"
_eизбранные доклады
_fСанкт-Петербургский государственный университет
_gотв. ред.: Н. Н. Дьяков, П. И. Рысакова
203 _aТекст
_bвизуальный
_cнепосредственный
210 _aСанкт-Петербург
_cИзд-во Санкт-Петербургского университета
_d2024
215 _a350, [1] с.
_cил., цв. ил., табл.
_d24
225 1 _aSt. Petersburg university studies in social sciences & humanities
_feditorial board: Herman Bell [et al.]
_vvol. 6
_x2782-5922
300 _aЧасть текста на англ., араб., тюрк. и др. яз.
300 _aРез. англ.
320 _aБиблиогр. в конце ст. и в подстроч. примеч.
327 1 _aВ кн. также материалы Чтений памяти И. Ю. Крачковского, Чтений памяти Д. А. Ольдерогге, Чтений памяти Н. С. Петровского
606 1 _aФилология
_jСъезды, совещания и т.п
_9921663
_3RU\NLR\AUTH\6619068
606 1 _aВостоковедение
_jСъезды, совещания и т.п
_xИсториография
_92437906
_3RU\NLR\AUTH\661450544
607 _aСтраны Востока
_jИсточники и источниковедение
_jСъезды, совещания и т.п
_xИстория
_9941370
_3RU\NLR\AUTH\6629710
686 1 _aТ3(5)г.я431
686 1 _aТ3(5)0,01
686 1 _aШ.я431
702 1 _7ca
_8rus
_aДьяков
_bН. Н.
_cд-р ист. наук
_gНиколай Николаевич
_9184770
_3RU\NLR\AUTH\770184821
710 1 2 _aМеждународный конгресс по источниковедению и историографии стран Азии и Африки
_d32
_f2023
_eСанкт-Петербург
_3RU\NLR\AUTH\880624456
_92656824
711 1 2 _aЧтения памяти Д. А. Ольдерогге
_f2023
_eСанкт-Петербург
_3RU\NLR\AUTH\880624458
_92656826
711 1 2 _aЧтения памяти И. Ю. Крачковского
_f2023
_eСанкт-Петербург
_3RU\NLR\AUTH\880624775
_92657143
711 1 2 _aЧтения памяти Н. С. Петровского
_f2023
_eСанкт-Петербург
_3RU\NLR\AUTH\880624776
_92657144
942 _cBOOK
980 _aNB